Los condenados de la pantalla
Gorde:
| Egile nagusia: | |
|---|---|
| Formatua: | Liburua |
| Hizkuntza: | gaztelania |
| Argitaratua: |
Buenos Aires
Caja Negra
2014
|
| Edizioa: | 1a. ed |
| Saila: | Futuros Próximos, 03
|
| Gaiak: | |
| Etiketak: |
Etiketa erantsi
Etiketarik gabe, Izan zaitez lehena erregistro honi etiketa jartzen!
|
MARC
| LEADER | 00000cam a2200000 a 4500 | ||
|---|---|---|---|
| 001 | UCE8341 | ||
| 003 | CL-VaPUC | ||
| 008 | 150731e20140000ag |||||||||||||||||spa|d | ||
| 020 | |a 9789871622313 | ||
| 082 | 0 | 4 | |a 306 |b STE |2 21 |
| 100 | 0 | |a Steyerl, Hito |e author |9 581080 | |
| 245 | 1 | 4 | |a Los condenados de la pantalla |
| 250 | |a 1a. ed | ||
| 300 | |a 208 p | ||
| 942 | |c BK | ||
| 945 | |d 20150731 12:25:00 |a dcastane | ||
| 260 | |a Buenos Aires |b Caja Negra |c 2014 | ||
| 650 | 0 | |a Antropología cultural |9 269905 | |
| 650 | 0 | |a Estudios culturales |9 389320 | |
| 583 | |a last modification |c 20150731 12:25:00 |k Rodrigo Vera | ||
| 490 | 0 | |a Futuros Próximos, 03 | |
| 999 | |c 360237 |d 360235 | ||
| 952 | |0 0 |1 0 |3 erb |4 0 |6 306_000000000000000_STE_2014 |7 0 |8 A |9 469931 |a BIBART |b BIBART |i 5192129 |l 6 |o 306 STE 2014 |p 5192129 |r 2025-03-13 |s 2022-09-20 |w 2019-11-23 |y BK |z Catalogado en:20150731 |k ART | ||